City to Country - Statistics

General Stats
  • This quiz has been taken 477 times
    476 since last reset
  • The average score is 13 of 18
Answer Stats
City Country % Correct
Cairo Egypt
98%
Munich Germany
98%
Athens Greece
98%
Perth Australia
95%
Reykjavik Iceland
94%
Zurich Switzerland
94%
Auckland New Zealand
91%
Prague Czech Republic
90%
Pyongyang North Korea
90%
Belgrade Serbia
86%
Cardiff Wales
82%
Helena United States
76%
Georgetown Guyana
59%
Bolgar Russia
54%
Oulu Finland
44%
Herlev Denmark
28%
Denov Uzbekistan
12%
Narrik Greenland
9%
No matching quizzes found
Score Distribution
Percent of People with Each Score
Percentile by Number Answered
Your Score History
You have not taken this quiz since the last reset